000 00515nam a22001697a 4500
999 _c62243
_d62243
005 20240829154535.0
008 240829c2012 enk||||| |||| 00| 0 eng d
022 _a0149 9246
041 _aeng
245 _aHastings International and Comparative Law Review :
_b2012 /
_cEditor. P. Johnhson.
260 _aCalifornia,
_c2012.
300 _aV.
653 _aსამართალი
653 _aპერიოდიკა
700 _aJonhson, P.
_eრედაქტორი
_923144
942 _2udc
_cCR